Documentos básicos en materia de derechos humanos en el sistema interamericano (Record no. 154027)

MARC details
000 -LEADER
fixed length control field nam a22 7a 4500
005 - DATE AND TIME OF LATEST TRANSACTION
control field 20200131170618.0
008 - FIXED-LENGTH DATA ELEMENTS--GENERAL INFORMATION
fixed length control field 200131b xxu||||| |||| 00| 0 spa d
020 ## - INTERNATIONAL STANDARD BOOK NUMBER
International Standard Book Number 0827047428
050 04 - LIBRARY OF CONGRESS CALL NUMBER
Classification number KDZ574.A35
Item number D63 2005
245 10 - TITLE STATEMENT
Title Documentos básicos en materia de derechos humanos en el sistema interamericano
Remainder of title : (actualizado a enero 2005)
Statement of responsibility, etc Organización de los Estados Americanos, Comisión Interamericana de Derechos Humanos, Corte Interamericana de Derechos Humanos.
250 ## - EDITION STATEMENT
Edition statement 1a ed.
260 ## - PUBLICATION, DISTRIBUTION, ETC. (IMPRINT)
Place of publication, distribution, etc Washington, D.C. :
Name of publisher, distributor, etc Secretaría General, Organización de los Estados Americanos,
Date of publication, distribution, etc 2005
300 ## - PHYSICAL DESCRIPTION
Extent v, 261 p. ;
Dimensions 26 cm.
650 #7 - SUBJECT ADDED ENTRY--TOPICAL TERM
Source of heading or term lemb
Topical term or geographic name as entry element Derechos humanos
Geographic subdivision America
710 2# - ADDED ENTRY--CORPORATE NAME
Corporate name or jurisdiction name as entry element Comisión Interamericana de Derechos Humanos.
710 2# - ADDED ENTRY--CORPORATE NAME
Corporate name or jurisdiction name as entry element Corte Interamericana de Derechos Humanos.
942 ## - ADDED ENTRY ELEMENTS (KOHA)
Source of classification or shelving scheme Biblioteca del Cogreso de los Estados Unidos
Koha item type Libro
Holdings
Estado de pérdida Fuente de clasificación Estado del daño No para préstamo Ubicación permanente Ubicación actual Apartado o colección Fecha de adquisición Edición Área del conocimiento Clasificación Código de Barras Date last seen Número de copia Costo por reposición Tipo de recurso
  Biblioteca del Cogreso de los Estados Unidos     Biblioteca del Posgrado en Derecho Biblioteca del Posgrado en Derecho Colección Ernesto Villanueva 31/01/2020 1a ed. Ciencias Sociales y Administrativas KDZ574.A35 D63 2007 BPD000001353 31/01/2020 C : 1 1.00 Libro